00687cam a22002293a 450000100060000000300060000600500170001200800410002904000150007004200070008505000070009210000370009924500820013626000290021850600300024751600200027765300380029765300220033565300290035783000290038685600420041529462PGUSA20140828083634.0090720s2009||||xxu|||||s|||||000 1 eng d aPGUSAbeng adc 4aPR1 aPemberton, Max,cSir,d1863-195014aThe House Under the Sea :bA Romanceh[electronic resource] /cMax, Pemberton bProject Gutenberg,c2009 aPublic domain in the USA. aElectronic text aIslands of the Pacific -- Fiction aAdventure stories aShip captains -- Fiction 0aProject Gutenbergv2946240uhttp://www.gutenberg.org/ebooks/29462